000 00354 a2200133 4500
000 nam a22 7a 4500
100 _aगुलज़ार
110 _aगुलज़ार
245 _aगुनगुनाइए
250 _aLatest edition
260 _bRadhakrishna Prakashan
_c2024
264 _bRadhakrishna Prakashan
_c2024
942 _cBK
999 _c394017
_d394017